Диагностика и надежность автоматизированных систем: электронный курс

Dades bibliogràfiques
Autor principal: Мамонова Т. Е. Татьяна Егоровна
Autor corporatiu: Национальный исследовательский Томский политехнический университет (ТПУ) Институт кибернетики (ИК) Кафедра интегрированных компьютерных систем управления (ИКСУ)
Sumari:Заглавие с экрана
В дисциплине "Диагностика и надёжность автоматизированных систем" излагается материал, относящийся к критериям, методам анализа и синтеза технических и информационных систем, методы обеспечения и повышения их надёжности, научные методы эксплуатации и обеспечения безопасности таких систем. Полученные знания по данной дисциплине позволяют выпускнику обладать профессиональными компетенциями, способствующими его социальной мобильности и устойчивости на рынке труда. Изучение дисциплины "Диагностика и надёжность автоматизированных систем" направлено на достижение следующих задач: освоение знаний, позволяющих проектировать и создавать высоконадёжные технические системы; освоение знаний, составляющих основу научных представлений о методах, обеспечивающих высокую эксплуатационную надёжность техники; овладение умениями работать с различными видами информации, выделять необходимую из технической документации, организовывать профессиональную деятельность и планировать ее результаты; развитие и расширение круга познавательных интересов, интеллектуальных и творческих способностей; выработка навыков применения методов в повседневной жизни, при выполнении индивидуальных и коллективных проектов, для решения учебных задач и для будущей профессиональной деятельности.
Доступ по логину и паролю
Idioma:rus
Publicat: Томск, TPU Moodle, 2015
Matèries:
Accés en línia:http://design.lms.tpu.ru/course/view.php?id=1122
Format: MixedMaterials Electrònic Llibre
KOHA link:https://koha.lib.tpu.ru/cgi-bin/koha/opac-detail.pl?biblionumber=651868

MARC

LEADER 00000nlm0a2200000 4500
001 651868
005 20231220125311.0
035 |a (RuTPU)RU\TPU\network\17131 
035 |a RU\TPU\network\17128 
090 |a 651868 
100 |a 20161124d2015 m y0rusy50 ca 
101 0 |a rus 
102 |a RU 
105 |a a j 000zy 
135 |a jrcn ---uucaa 
181 0 |a i  
182 0 |a b 
200 1 |a Диагностика и надежность автоматизированных систем   |e электронный курс  |f Т. Е. Мамонова  |g Национальный исследовательский Томский политехнический университет (ТПУ), Институт кибернетики (ИК), Кафедра интегрированных компьютерных систем управления (ИКСУ) 
203 |a Текст  |c электронный 
210 |a Томск  |c TPU Moodle  |d 2015 
300 |a Заглавие с экрана 
330 |a В дисциплине "Диагностика и надёжность автоматизированных систем" излагается материал, относящийся к критериям, методам анализа и синтеза технических и информационных систем, методы обеспечения и повышения их надёжности, научные методы эксплуатации и обеспечения безопасности таких систем. Полученные знания по данной дисциплине позволяют выпускнику обладать профессиональными компетенциями, способствующими его социальной мобильности и устойчивости на рынке труда. Изучение дисциплины "Диагностика и надёжность автоматизированных систем" направлено на достижение следующих задач: освоение знаний, позволяющих проектировать и создавать высоконадёжные технические системы; освоение знаний, составляющих основу научных представлений о методах, обеспечивающих высокую эксплуатационную надёжность техники; овладение умениями работать с различными видами информации, выделять необходимую из технической документации, организовывать профессиональную деятельность и планировать ее результаты; развитие и расширение круга познавательных интересов, интеллектуальных и творческих способностей; выработка навыков применения методов в повседневной жизни, при выполнении индивидуальных и коллективных проектов, для решения учебных задач и для будущей профессиональной деятельности. 
333 |a Доступ по логину и паролю 
606 1 |a Автоматические системы управления  |x Надежность  |2 stltpush  |3 (RuTPU)RU\TPU\subj\832  |9 29638 
610 1 |a электронный ресурс 
610 1 |a труды учёных ТПУ 
610 1 |a электронное обучение 
610 1 |a электронные курсы ТПУ 
610 1 |a надежность 
610 1 |a резервирование 
610 1 |a отказы 
610 1 |a наработка 
610 1 |a вероятность 
610 1 |a учебные пособия 
610 1 |a электронные учебные пособия 
675 |a 681.51-192(075.8)  |v 3 
700 1 |a Мамонова  |b Т. Е.  |c специалист в области информатики и вычислительной техники  |c доцент Томского политехнического университета, кандидат технических наук  |f 1983-  |g Татьяна Егоровна  |3 (RuTPU)RU\TPU\pers\29661  |9 14174 
712 0 2 |a Национальный исследовательский Томский политехнический университет (ТПУ)  |b Институт кибернетики (ИК)  |b Кафедра интегрированных компьютерных систем управления (ИКСУ)  |3 (RuTPU)RU\TPU\col\18701 
801 2 |a RU  |b 63413507  |c 20170116  |g RCR 
856 4 |u http://design.lms.tpu.ru/course/view.php?id=1122 
942 |c CF